| 000 | 01311nam a22003497a 4500 | ||
|---|---|---|---|
| 001 | 17666152 | ||
| 005 | 20231004100119.0 | ||
| 008 | 231004b |||||||| |||| 00| 0 eng d | ||
| 010 | _a 2013935719 | ||
| 020 |
_a9781446210536 _q(Set : alk. paper) |
||
| 040 |
_aDLC _beng _cKMU _erda _dKMU |
||
| 042 | _apcc | ||
| 050 | 0 | 0 | _aLC 3965 Sag |
| 245 | 0 | 4 |
_aThe SAGE handbook of special education / _cedited by Lani Florian. |
| 246 | 3 | 0 | _aHandbook of special education |
| 246 | 3 | 0 | _aSpecial education |
| 250 | _aSecond Edition. | ||
| 264 | 1 |
_aLos Angeles : _bSAGE, _c2014. |
|
| 264 | 4 | _c© 2014. | |
| 300 |
_axxxviii, 434 pages : _billustrations ; _c25 cm |
||
| 336 |
_atext _btxt _2rdacontent |
||
| 337 |
_aunmediated _bn _2rdamedia |
||
| 338 |
_avolume _bnc _2rdacarrier |
||
| 500 | _a"First edition published in 2006"--T.p. verso. | ||
| 504 | _aIncludes bibliographical references and index. | ||
| 650 | 0 |
_aSpecial education _vHandbooks, manuals, etc. |
|
| 700 | 1 |
_aFlorian, Lani, _eeditor of compilation. |
|
| 710 | 2 | _aSage Publications. | |
| 906 |
_a7 _bcbc _corignew _d2 _eepcn _f20 _gy-gencatlg |
||
| 942 |
_2lcc _cBK _n0 |
||
| 999 |
_c643 _d643 |
||